000 00512nam a2200157Ia 4500
008 170221s9999 xx 000 0 und d
100 _aYufeng Zhao
245 _aSingle Antenna Interference Cancellation Algorithm Based on Lattice Reduction
245 _cYufeng Zhao, Yujian Cao, and Xuchu Dai
260 _bJournal of Communications
260 _c2015
300 _a10 : 2
650 _xCommunication
650 _xMedia Arts
856 _uhttp://www.jocm.us/index.php?m=content&c=index&a=lists&catid=142
999 _c307110
_d307110